000 01394cam a22003254a 4500
001 13733571
003 ARRUPE
005 20220401095037.0
008 040928s2004 maua b 001 0 eng
010 _a 2004059864
020 _a0618005838
040 _aDLC
_cDLC
_dDLC
042 _apcc
050 0 0 _aQH361
_b.D39 2004
082 0 0 _a576.8
_222
100 1 _aDawkins, Richard,
_d1941-
245 1 4 _aThe ancestor's tale :
_ba pilgrimage to the dawn of evolution /
_cRichard Dawkins.
260 _aBoston :
_bHoughton Mifflin,
_c2004.
300 _axii, 673 p. :
_bill. ;
_c24 cm.
504 _aIncludes bibliographical references (p. 624-645) and index.
650 0 _aEvolution (Biology)
_xHistory.
_950776
650 0 _aEvolution (Biology)
_xPhilosophy.
_97532
856 4 2 _3Publisher description
_uhttp://www.loc.gov/catdir/description/hm051/2004059864.html
856 4 1 _3Sample text
_uhttp://www.loc.gov/catdir/enhancements/fy0618/2004059864-s.html
856 4 1 _3Table of contents only
_uhttp://www.loc.gov/catdir/enhancements/fy0618/2004059864-t.html
856 4 2 _3Contributor biographical information
_uhttp://www.loc.gov/catdir/enhancements/fy0736/2004059864-b.html
906 _a7
_bcbc
_corignew
_d1
_eocip
_f20
_gy-gencatlg
942 _2lcc
_cMONOGRAPH
999 _c131196
_d131196